[Event "XXXIX Benasque Open 2019"]
[Site "Benasque"]
[Date "2019.07.12"]
[Round "9.9"]
[White "Martinez Alcantara, Jose Eduardo"]
[Black "Campora, Daniel H."]
[Result "1-0"]
[WhiteElo "2601"]
[BlackElo "2420"]
[Annotator "ChessBase"]
[PlyCount "155"]
[EventDate "2019.07.04"]
[EventType "swiss"]
[EventCountry "ESP"]
[SourceTitle "playchess.com"]
[Source "ChessBase"]
[SourceQuality "1"]
[TimeControl "5400+30"]

1. e4 {[%emt 0:00:00]} e5 {[%emt 0:00:04]} 2. Nf3 {[%emt 0:00:08]} Nc6 {[%emt 0:00:04]} 3. Bb5 {[%emt 0:00:04]} Nf6 {[%emt 0:00:24]} 4. d3 {[%emt 0:00:04]} d6 {[%emt 0:00:40]} 5. O-O {[%emt 0:00:56]} Be7 {[%emt 0:01:13]} 6. c3 {[%emt 0:02:48]} O-O {[%emt 0:00:48]} 7. Nbd2 {[%emt 0:00:33]} Nb8 {[%emt 0:04:58]} 8. d4 {[%emt 0:00:46]} Nbd7 {[%emt 0:00:42]} 9. Bd3 {[%emt 0:02:26]} Re8 {[%emt 0:02:19]} 10. Re1 {[%emt 0:00:24]} Bf8 {[%emt 0:00:24]} 11. h3 {[%emt 0:01:27]} g6 {[%emt 0:00:12]} 12. Qc2 {[%emt 0:05:30]} Bg7 {[%emt 0:01:34]} 13. a4 {[%emt 0:06:54]} a5 {[%emt 0:01:55]} 14. dxe5 {[%emt 0:06:51]} Nxe5 {[%emt 0:03:17]} 15. Nxe5 {[%emt 0:00:02]} Rxe5 {[%emt 0:06:51]} 16. Nf3 {[%emt 0:00:17]} Re8 {[%emt 0:00:06]} 17. Bf4 {[%emt 0:01:14]} Nd7 {[%emt 0:00:42]} 18. Rad1 {[%emt 0:02:41]} Ne5 {[%emt 0:03:19]} 19. Bxe5 {[%emt 0:06:34]} Bxe5 {[%emt 0:00:49]} 20. Bb5 {[%emt 0:00:00]} c6 {[%emt 0:13:32]} 21. Nxe5 {[%emt 0:03:16]} Rxe5 {[%emt 0:01:22]} 22. Bf1 {[%emt 0:10:07]} Re7 {[%emt 0:08:20]} 23. Qd2 {[%emt 0:05:12]} Be6 {[%emt 0:00:28]} 24. c4 {[%emt 0:01:24]} Rd7 {[%emt 0:00:54]} 25. f4 {[%emt 0:02:57]} Qb6+ {[%emt 0:08:13]} 26. Kh1 {[%emt 0:04:10]} d5 {[%emt 0:01:37]} 27. cxd5 {[%emt 0:02:50]} cxd5 {[%emt 0:00:06]} 28. Bb5 {[%emt 0:00:05]} Rdd8 {[%emt 0:00:05]} 29. e5 {[%emt 0:00:35]} d4 {[%emt 0:02:33]} 30. Qf2 {[%emt 0:00:25]} Rac8 {[%emt 0:08:40]} 31. g4 {[%emt 0:04:26]} Bc4 {[%emt 0:02:30]} 32. f5 {[%emt 0:04:56]} Bxb5 {[%emt 0:06:02]} 33. axb5 {[%emt 0:00:01]} Qxb5 {[%emt 0:02:16]} 34. e6 {[%emt 0:00:11]} Qd5+ {[%emt 0:05:35]} 35. Kg1 {[%emt 0:00:05]} fxe6 {[%emt 0:01:28]} 36. fxg6 {[%emt 0:01:03]} Rc7 {[%emt 0:03:30]} 37. Qf4 {[%emt 0:02:36]} Qd6 {[%emt 0:01:10]} 38. gxh7+ {[%emt 0:02:40]} Rxh7 39. Re5 {[%emt 0:01:07]} Rf7 {[%emt 0:02:15]} 40. Qg5+ {[%emt 0:03:34]} Rg7 {[%emt 0:00:07]} 41. Qf6 {[%emt 0:04:30]} d3 {[%emt 0:00:44]} 42. Rxd3 {[%emt 0:05:48]} Qxd3 {[%emt 0:01:03]} 43. Qxe6+ {[%emt 0:00:03]} Rf7 {[%emt 0:00:20]} 44. Rg5+ {[%emt 0:00:02]} Kf8 {[%emt 0:00:09]} 45. Qh6+ {[%emt 0:00:03]} Ke8 {[%emt 0:00:22]} 46. Re5+ {[%emt 0:00:15]} Re7 {[%emt 0:03:55]} 47. Qh5+ {[%emt 0:00:01]} Kf8 {[%emt 0:00:18]} 48. Rf5+ {[%emt 0:00:50]} Kg8 {[%emt 0:00:16]} 49. Qg6+ {[%emt 0:00:43]} Rg7 {[%emt 0:01:20]} 50. Qe6+ {[%emt 0:00:10]} Kh8 {[%emt 0:00:21]} 51. Rh5+ {[%emt 0:00:07]} Qh7 {[%emt 0:00:13]} 52. Rxh7+ {[%emt 0:00:17]} Kxh7 {[%emt 0:00:06]} 53. Qf5+ {[%emt 0:00:04]} Kh8 {[%emt 0:00:41]} 54. Qxa5 {[%emt 0:00:52]} Rgd7 {[%emt 0:01:09]} 55. Kg2 {[%emt 0:00:09]} Rd5 {[%emt 0:00:31]} 56. Qb6 {[%emt 0:01:23]} R8d7 {[%emt 0:00:09]} 57. Qh6+ {[%emt 0:01:26]} Kg8 {[%emt 0:00:06]} 58. Qg6+ {[%emt 0:00:03]} Kh8 {[%emt 0:00:25]} 59. h4 {[%emt 0:01:22]} R5d6 {[%emt 0:00:28]} 60. Qe8+ {[%emt 0:00:29]} Kg7 {[%emt 0:00:05]} 61. Qe5+ {[%emt 0:00:04]} Kf7 {[%emt 0:01:36]} 62. h5 {[%emt 0:00:40]} Rd3 {[%emt 0:01:55]} 63. Qf5+ {[%emt 0:00:05]} Kg7 {[%emt 0:00:12]} 64. Qg6+ {[%emt 0:00:31]} Kh8 {[%emt 0:00:02]} 65. g5 {[%emt 0:02:39]} R3d6 {[%emt 0:01:47]} 66. Qe8+ {[%emt 0:00:07]} Kg7 {[%emt 0:00:32]} 67. Qe5+ {[%emt 0:00:29]} Kh7 {[%emt 0:00:43]} 68. Qf5+ {[%emt 0:00:12]} Kg8 {[%emt 0:00:15]} 69. Qc5 {[%emt 0:04:31]} Rd5 {[%emt 0:01:04]} 70. Qe3 {[%emt 0:00:57]} Rd2+ {[%emt 0:00:53]} 71. Kf1 {[%emt 0:00:02]} Rf7+ {[%emt 0:00:24]} 72. Kg1 {[%emt 0:01:58]} Rfd7 {[%emt 0:00:22]} 73. Qe8+ {[%emt 0:00:06]} Kh7 {[%emt 0:00:19]} 74. Qg6+ {[%emt 0:00:03]} Kh8 {[%emt 0:00:08]} 75. h6 {[%emt 0:01:33]} b5 {[%emt 0:01:05]} 76. Qf6+ {[%emt 0:00:58]} Kg8 {[%emt 0:00:27]} 77. g6 {[%emt 0:00:45]} Rd1+ {[%emt 0:00:17]} 78. Kf2 1-0

[Event "XXXIX Benasque Open 2019"]
[Site "Benasque"]
[Date "2019.07.12"]
[Round "9.10"]
[White "Rychagov, Andrey"]
[Black "Plazuelo Pascual, Juan"]
[Result "1-0"]
[WhiteElo "2537"]
[BlackElo "2403"]
[Annotator "ChessBase"]
[PlyCount "91"]
[EventDate "2019.07.04"]
[EventType "swiss"]
[EventCountry "ESP"]
[SourceTitle "playchess.com"]
[Source "ChessBase"]
[SourceQuality "1"]
[TimeControl "5400+30"]

1. d4 {[%emt 0:00:00]} e6 {[%emt 0:00:00]} 2. c4 {[%emt 0:00:00]} b6 {[%emt 0:00:00]} 3. a3 {[%emt 0:04:54]} Bb7 {[%emt 0:00:00]} 4. Nc3 {[%emt 0:00:14]} f5 {[%emt 0:00:00]} 5. Nf3 {[%emt 0:01:16]} Nf6 {[%emt 0:00:06]} 6. e3 {[%emt 0:05:01]} Be7 {[%emt 0:05:18]} 7. Bd3 {[%emt 0:02:50]} O-O {[%emt 0:00:37]} 8. O-O {[%emt 0:02:34]} Ne4 {[%emt 0:05:18]} 9. Ne2 {[%emt 0:05:17]} Bf6 {[%emt 0:13:30]} 10. b4 {[%emt 0:05:17]} d6 {[%emt 0:04:49]} 11. Bb2 {[%emt 0:02:42]} Nd7 {[%emt 0:02:09]} 12. Qc2 {[%emt 0:00:16]} g6 {[%emt 0:13:43]} 13. Nf4 {[%emt 0:12:09]} Re8 {[%emt 0:11:17]} 14. d5 {[%emt 0:04:27]} e5 {[%emt 0:09:40]} 15. Ne6 {[%emt 0:01:48]} Rxe6 {[%emt 0:00:06]} 16. dxe6 {[%emt 0:00:03]} Nf8 {[%emt 0:00:06]} 17. Nd2 {[%emt 0:08:04]} Nxd2 {[%emt 0:00:08]} 18. Qxd2 {[%emt 0:00:03]} Nxe6 {[%emt 0:00:20]} 19. f4 Qe7 {[%emt 0:03:41]} 20. Rad1 {[%emt 0:03:38]} Re8 {[%emt 0:03:35]} 21. fxe5 {[%emt 0:03:21]} Bxe5 {[%emt 0:07:35]} 22. Bxe5 {[%emt 0:02:31]} dxe5 {[%emt 0:00:02]} 23. c5 {[%emt 0:01:06]} Rd8 {[%emt 0:02:55]} 24. Qb2 {[%emt 0:05:04]} Qg5 {[%emt 0:04:15]} 25. Bc4 {[%emt 0:01:19]} Re8 {[%emt 0:00:04]} 26. Kh1 {[%emt 0:06:46]} Kf7 {[%emt 0:03:54]} 27. Rd7+ {[%emt 0:01:11]} Re7 {[%emt 0:00:37]} 28. Rxe7+ {[%emt 0:03:24]} Kxe7 {[%emt 0:00:13]} 29. Qa2 {[%emt 0:00:04]} Nd8 {[%emt 0:00:47]} 30. Qd2 {[%emt 0:00:55]} Qg4 {[%emt 0:01:45]} 31. Bd5 {[%emt 0:00:49]} Bxd5 {[%emt 0:00:18]} 32. Qxd5 {[%emt 0:00:04]} Ne6 {[%emt 0:00:09]} 33. cxb6 {[%emt 0:01:06]} axb6 {[%emt 0:00:28]} 34. Qxe5 {[%emt 0:00:18]} Qc4 {[%emt 0:00:09]} 35. Kg1 {[%emt 0:01:06]} Qb3 {[%emt 0:00:09]} 36. Rc1 {[%emt 0:00:29]} c5 {[%emt 0:00:04]} 37. bxc5 {[%emt 0:00:50]} bxc5 {[%emt 0:01:08]} 38. h3 {[%emt 0:01:07]} c4 {[%emt 0:01:38]} 39. Qc3 {[%emt 0:01:57]} Kd6 {[%emt 0:00:04]} 40. Qd2+ {[%emt 0:01:32]} Ke5 {[%emt 0:01:19]} 41. Rc3 {[%emt 0:00:59]} Qb1+ {[%emt 0:00:06]} 42. Kh2 {[%emt 0:01:45]} Qe4 {[%emt 0:00:04]} 43. Qb2 {[%emt 0:00:49]} Kd5 {[%emt 0:01:02]} 44. Qb8 {[%emt 0:00:46]} h5 {[%emt 0:01:02]} 45. a4 {[%emt 0:00:58]} Ng5 {[%emt 0:02:34]} 46. Qb5+ {[%emt 0:00:57]} 1-0

[Event "XXXIX Benasque Open 2019"]
[Site "Benasque"]
[Date "2019.07.13"]
[Round "10.1"]
[White "Ter-Sahakyan, Samvel"]
[Black "Hovhannisyan, Robert"]
[Result "1/2-1/2"]
[WhiteElo "2625"]
[BlackElo "2640"]
[Annotator "TA"]
[PlyCount "29"]
[EventDate "2019.07.04"]
[EventType "swiss"]
[EventCountry "ESP"]
[SourceTitle "playchess.com"]
[Source "ChessBase"]
[SourceQuality "1"]

{[%evp 27,29,0,0,0]} 1. e4 e5 2. Nf3 Nc6 3. Bb5 Nf6 4. O-O Nxe4 5. d4 Nd6 6. dxe5 Nxb5 7. a4 Nbd4 8. Nxd4 d5 $146 ({Predecessor:} 8... Nxd4 9. Qxd4 d5 {½-½ (14) Vallejo Pons,F (2713)-Andreikin,D (2723) Porto Carras 2018}) 9. exd6 Nxd4 10. Qxd4 Qxd6 11. Qe4+ Qe6 12. Qd4 Qd6 13. Qe4+ Qe6 14. Qd4 Qd6 15. Qe4+ {C67: Ruy Lopez: Berlin Defence: 4 0-0 Nxe4} 1/2-1/2

[Event "XXXIX Benasque Open 2019"]
[Site "Benasque"]
[Date "2019.07.13"]
[Round "10.2"]
[White "Indjic, Aleksandar"]
[Black "Forcen Esteban, Daniel"]
[Result "1/2-1/2"]
[WhiteElo "2604"]
[BlackElo "2566"]
[Annotator "TA"]
[PlyCount "64"]
[EventDate "2019.07.04"]
[EventType "swiss"]
[EventCountry "ESP"]
[SourceTitle "playchess.com"]
[Source "ChessBase"]
[SourceQuality "1"]

{[%evp 10,64,22,0,35,33,52,25,20,25,25,26,20,20,19,17,15,0,0,0,-22,-28,-12,-24,-30,-26,0,0,0,-126,-114,-139,-120,-118,-127,-112,0,-383,-371,-399,-285,-277,-293,-291,-264,-242,-161,-141,-70,-56,-65,-71,0,0,0,-73,0]} 1. Nf3 Nf6 2. d4 e6 3. c4 Bb4+ 4. Nc3 Ne4 5. Qc2 f5 6. g3 c6 {E21: Nimzo-Indian: 4 Nf3} (6... b6 7. Bg2 Bb7 8. Nd2 Bxc3 9. bxc3 Nd6 10. d5 Na6 11. O-O O-O 12. Ba3 Qf6 13. e4 f4 14. Rab1 {0-1 (44) Carlsen,M (2837)-Ivanchuk,V (2769) Astana 2012}) 7. Bg2 Qa5 {[%cal Re4c3]} 8. O-O $146 (8. Bd2 {is interesting.} Bxc3 9. Bxc3 Nxc3 10. bxc3 O-O 11. O-O) ({Predecessor:} 8. Bd2 Nxd2 9. Nxd2 Be7 10. e4 O-O 11. exf5 Qxf5 12. Qxf5 exf5 {0-1 (69) Vasquez,M (2144)-Morales Mendoza,L Lima/Guayaquil 2001}) 8... Bxc3 {White has an edge.} 9. bxc3 Qxc3 10. Qxc3 Nxc3 11. Bb2 Na4 12. Ba3 d5 13. Nd2 b5 14. cxb5 cxb5 15. Rac1 Kd7 16. g4 {Strongly threatening gxf5.} g6 17. Rc2 Nc6 18. Rfc1 Bb7 $1 19. Rxc6 (19. gxf5 $11 gxf5 20. Rxc6 Bxc6 21. Nf3) 19... Bxc6 $17 20. Nf3 Rhc8 $1 21. Ne5+ Ke8 22. gxf5 {[#] Hoping for f6.} gxf5 ({Black should play} 22... a5 $1 $17 {aiming for ...b4.} 23. fxg6 (23. Rxc6 Rxc6 24. Nxc6 gxf5 $17) (23. Nxc6 gxf5 24. Bf1 b4 $17) 23... hxg6 24. Rxc6 Rxc6 25. Nxc6 b4 26. Nxb4 (26. Bc1 $2 Rc8 $19) 26... axb4 27. Bxb4 Nb6) 23. Kh1 $2 {[%mdl 8192] [#]} ({Much worse is} 23. Nxc6 a5 $17) (23. Bf3 $1 $11 {and White stays safe.}) 23... a5 $1 $19 24. Bd6 Kd8 25. Nf7+ ({Not} 25. Rxc6 $2 Rxc6 26. Nxc6+ Kd7 $19) 25... Kd7 26. Bf4 {With the idea Ne5+.} Bb7 27. Ne5+ Ke7 28. Bg5+ Kd6 ({Black should try} 28... Kf8 $17 29. Rg1 Rc7) 29. Nf7+ $15 Kd7 30. Ne5+ Kd6 {And now ...Rxc1+ would win.} 31. Nf7+ Kd7 {Threatens to win with ...Rxc1+.} 32. Ne5+ Kd6 {Accuracy: White = 48%, Black = 49%.} (32... Ke8 $17 33. Rg1 Rc7) 1/2-1/2

[Event "XXXIX Benasque Open 2019"]
[Site "Benasque"]
[Date "2019.07.13"]
[Round "10.3"]
[White "Bartel, Mateusz"]
[Black "Kharitonov, Alexandr"]
[Result "1-0"]
[WhiteElo "2600"]
[BlackElo "2540"]
[Annotator "TA"]
[PlyCount "133"]
[EventDate "2019.07.04"]
[EventType "swiss"]
[EventCountry "ESP"]
[SourceTitle "playchess.com"]
[Source "ChessBase"]
[SourceQuality "1"]

{[%evp 17,133,27,26,22,22,24,23,24,33,31,47,48,41,43,42,42,61,58,47,50,53,34,54,32,26,24,35,27,27,12,25,15,34,8,6,6,10,7,8,7,16,16,37,31,37,31,45,31,45,50,87,79,80,87,87,86,84,80,293,293,356,356,365,344,283,250,1265,1265,1099,1087,29959,29962,29967,29965,29967,29960,29967,12808,29973,29974,29978,29981,29982,29973,29974,29975,29975,29975,29975,29975,29975,29976,29976,29977,29977,29977,29977,29977,29977,29976,29980,29981,29981,29982,29982,29982,29982,29983,29983,29982,29988,29989,29993,29990,29990,29988,29997,29998]} 1. e4 e6 2. d4 d5 3. Nc3 Bb4 4. e5 c5 5. a3 Ba5 6. Bd2 Nc6 7. Nb5 Bxd2+ 8. Qxd2 Nxd4 9. Nxd4 cxd4 10. Nf3 {C18: French: 3 Nc3 Bb4: Main line: 7 h4 and 7 Qg4} Ne7 11. Qxd4 (11. Nxd4 O-O 12. f4 Nc6 13. Nf3 f6 14. O-O-O fxe5 15. fxe5 Bd7 16. Bd3 Qe8 17. Qg5 Qf7 {1-0 (50) Sevian,S (2624)-Sadorra,J (2546) Philadelphia 2018}) 11... Nc6 12. Qe3 {White has an edge.} Qa5+ $146 ({Predecessor (2):} 12... d4 13. Qf4 Qa5+ 14. Qd2 Qd5 15. c4 Qe4+ 16. Qe2 Qxe2+ 17. Bxe2 f6 {½-½ (69) Zawadzka,J (2377)-Mkrtchian,L (2469) Wroclaw 2013}) 13. c3 d4 14. Nxd4 Qxe5 15. Qxe5 Nxe5 16. f4 Nc6 17. Nxc6 bxc6 18. O-O-O Ke7 19. g3 c5 20. Bg2 Rb8 21. Rhe1 Bb7 22. Be4 g6 23. Bc2 Rhd8 24. Rxd8 Rxd8 $11 {[%mdl 4096] Endgame KRB-KRB} 25. Re5 (25. Be4 $5 {[%cal Re4b7]} Ba6 26. Kc2 $11) 25... Bd5 26. c4 f6 27. Re3 Bxc4 28. Rc3 Bf1 29. Rxc5 Kd6 30. b4 Rd7 31. Kd2 Bg2 32. Bb3 h6 33. h4 e5 34. fxe5+ fxe5 35. Ra5 g5 36. Ra6+ Ke7+ 37. Ke3 e4 $2 {[#]} (37... Rc7 $16) 38. Bc2 $1 $18 ({And not} 38. Rxh6 Rd3+ 39. Kf2 Bf3 $11) 38... Rc7 39. Bxe4 Rc3+ 40. Kd4 Rxg3 41. Rxa7+ Kd8 $2 (41... Kf6 42. Ra6+ Kg7 43. hxg5 hxg5 44. Bxg2 Rxg2) 42. Bxg2 Rxg2 43. hxg5 hxg5 {KR-KR} 44. a4 {[%cal Ba3a4,Ba4a5,Ba5a6][%mdl 32]} g4 45. Rg7 g3 46. Kc4 Rg1 47. Kb5 (47. a5 $142 Kc8 48. Kb5 Re1 49. Kb6 Re8 50. Rxg3 Rf8 51. Ka7 Rf5 52. Rc3+ Kd7 53. Rc5) 47... g2 48. a5 {White mates.} Kc8 49. a6 Rh1 50. Rxg2 Kb8 51. Rg8+ Ka7 52. Rg7+ Kb8 53. Kb6 {[%cal Rg7g8]} Rh6+ 54. Ka5 Rh5+ 55. b5 Rf5 56. Rb7+ Ka8 57. Rc7 Kb8 58. Rc4 Rh5 59. Kb6 Rh6+ 60. Rc6 Rh8 61. Rc5 Rh6+ {[#]} 62. Ka5 $1 Rh1 63. Rg5 Rh8 64. b6 Ka8 65. a7 Kb7 66. Rg7+ Ka8 67. Ka6 {Accuracy: White = 66%, Black = 49%.} 1-0

[Event "XXXIX Benasque Open 2019"]
[Site "Benasque"]
[Date "2019.07.13"]
[Round "10.4"]
[White "Markus, Robert"]
[Black "Vazquez Igarza, Renier"]
[Result "1/2-1/2"]
[WhiteElo "2595"]
[BlackElo "2558"]
[Annotator "TA"]
[PlyCount "33"]
[EventDate "2019.07.04"]
[EventType "swiss"]
[EventCountry "ESP"]
[SourceTitle "playchess.com"]
[Source "ChessBase"]
[SourceQuality "1"]

{[%evp 16,19,13,9,17,0]} 1. d4 Nf6 2. c4 g6 3. Nf3 Bg7 4. g3 O-O 5. Bg2 c6 6. O-O d5 7. Nbd2 a5 {[%cal Ba7a5,Ba5a4][%mdl 32]} 8. b3 Bf5 9. Bb2 a4 {D78: Fianchetto Grünfeld: 6 0-0 c6} 10. Qc1 (10. e3 Nbd7 11. Qe2 Ne4 12. Nxe4 Bxe4 13. cxd5 cxd5 14. Qb5 Ra5 15. Qxb7 Nc5 16. Qb4 Nd3 17. Qd2 {0-1 (69) So,W (2792)-Ding,L (2771) Tbilisi 2017}) {Predecessor:} 10... Ne4 $146 11. Rd1 Qa5 12. Nxe4 Bxe4 13. Nd2 Bxg2 14. Kxg2 b5 15. cxb5 cxb5 16. bxa4 bxa4 17. Nf3 {½-½ (51) Piesik,P (2353)-Kanarek,M (2505) Poland 2018} 1/2-1/2

[Event "XXXIX Benasque Open 2019"]
[Site "Benasque"]
[Date "2019.07.13"]
[Round "10.5"]
[White "Gordon, Stephen J"]
[Black "Piorun, Kacper"]
[Result "1/2-1/2"]
[WhiteElo "2516"]
[BlackElo "2656"]
[Annotator "TA"]
[PlyCount "95"]
[EventDate "2019.07.04"]
[EventType "swiss"]
[EventCountry "ESP"]
[SourceTitle "playchess.com"]
[Source "ChessBase"]
[SourceQuality "1"]

{[%evp 9,95,35,53,45,54,68,72,77,61,75,82,54,77,53,165,172,174,165,204,203,195,189,195,183,223,231,252,238,245,236,241,233,204,224,275,219,229,225,194,152,152,147,149,141,147,152,225,149,232,229,244,237,238,242,247,249,234,238,231,207,218,186,212,0,0,0,0,0,0,0,0,0,0,0,0,0,0,0,0,0,0,0,0,0,0,0,0,0]} 1. Nf3 f5 2. d3 d6 3. e4 e5 4. Nc3 Nf6 5. exf5 Bxf5 6. d4 $1 {A04: Unusual lines after 1 Nf3 and King's Indian Attack} e4 7. Nh4 $1 {[%cal Rh4f5]} Qd7 8. Be2 {White is better.} Be6 $146 ({Predecessor:} 8... Be7 9. Nxf5 Qxf5 10. O-O c6 11. f3 exf3 12. Bxf3 Qd7 {½-½ (25) Vittorino,C (2287)-Rodriguez Vila,A (2531) San Cristobal 2012}) 9. d5 Bf7 10. f3 Be7 11. O-O $1 $36 {[%mdl 2048] White has the initiative.} Nxd5 (11... e3 $14) 12. Nxd5 $18 Bxh4 13. fxe4 {Hoping for Bg4.} O-O 14. Bg4 $1 {[%cal Rg4d7]} Qd8 15. g3 Be7 16. Rxf7 $1 Rxf7 17. Be6 c6 18. Qh5 {[%mdl 64] Pin} cxd5 19. Qxf7+ Kh8 20. exd5 Na6 21. Be3 Bf6 22. c3 b6 23. Rf1 Nc5 24. Bf5 Qe8 25. Qxe8+ $1 Rxe8 26. Bf4 g6 27. Bc2 ({Stronger than} 27. Bxd6 gxf5 28. Rxf5 Kg7 $15) 27... Be5 (27... Kg7 $16 28. Bxd6 Rd8) 28. Re1 Kg7 {[#]} (28... Kg8 $16 29. Kg2 Kf7) 29. Bxe5+ $1 dxe5 {[%mdl 4096] Endgame KRB-KRN} 30. b4 Nb7 31. Ba4 Re7 32. c4 e4 {[#]} 33. Bc6 $1 Nd8 34. Ba8 Nf7 35. Kg2 Kf6 36. d6 $2 ({White should play} 36. c5 $18) 36... Nxd6 $11 {The position is equal.} 37. c5 bxc5 38. bxc5 Nb7 39. Rc1 {Threatens to win with c6.} Rc7 40. Bxb7 Rxb7 {KR-KR} 41. c6 Rc7 42. Kf2 Ke5 43. Ke3 Kd5 $1 44. h4 a5 45. Rd1+ Ke5 46. Rc1 Kd5 $1 47. Rd1+ Ke5 48. Rc1 {Accuracy: White = 77%, Black = 67%.} 1/2-1/2

[Event "XXXIX Benasque Open 2019"]
[Site "Benasque"]
[Date "2019.07.13"]
[Round "10.6"]
[White "Banusz, Tamas"]
[Black "Dimitrov, Radoslav"]
[Result "1/2-1/2"]
[WhiteElo "2626"]
[BlackElo "2530"]
[Annotator "TA"]
[PlyCount "100"]
[EventDate "2019.07.04"]
[EventType "swiss"]
[EventCountry "ESP"]
[SourceTitle "playchess.com"]
[Source "ChessBase"]
[SourceQuality "1"]

{[%evp 9,100,70,52,46,49,0,3,0,0,-27,-27,-36,-25,-32,0,-22,0,-12,0,-22,0,-37,-33,-37,-34,-58,-56,-53,-19,-64,-57,-68,0,0,-15,-11,0,-51,-50,-50,-50,-64,-33,-43,0,0,0,0,1,0,0,0,0,0,0,0,0,0,4,8,0,0,6,6,6,8,8,7,8,0,0,0,0,0,0,0,0,-8,0,0,0,-4,0,0,0,0,0,0,0,0,0,0,0]} 1. d4 g6 2. Nf3 Bg7 3. c4 d6 4. Nc3 c5 (4... Nc6 5. d5 Ne5 6. Nxe5 Bxe5 7. e4 Nf6 8. Bd3 O-O 9. O-O e6 10. h3 exd5 11. cxd5 Nh5 12. f4 Bd4+ 13. Kh2 Qh4 14. Qe1 Qxe1 15. Rxe1 {0-1 (47) Akobian,V (2625)-Nakamura,H (2746) Saint Louis 2019}) 5. dxc5 dxc5 $146 ({Predecessor:} 5... Bxc3+ 6. bxc3 dxc5 7. Qxd8+ Kxd8 {0-1 (64) Nureev,G (2456)-Solak,D (2510) Dos Hermanas 2003}) 6. Qxd8+ {A41: 1 d4 d6: Tartakower System and Modern Defence} Kxd8 7. Bf4 Bxc3+ 8. bxc3 Nc6 9. O-O-O+ Ke8 10. e4 Nf6 11. Bd3 Bg4 12. Rhe1 Nd7 13. e5 Nb6 14. Be4 (14. h3 $5 {[%cal Rh3g4]} Bxf3 15. gxf3 $11) 14... Be6 15. Bd5 Nxc4 16. Bxe6 fxe6 17. Ng5 Nd8 $1 18. Re4 Nb6 19. Rd3 h6 20. Rh3 Nd5 (20... Kf8 $15) 21. Bd2 $1 $11 Kd7 22. Reh4 Nc6 23. Rxh6 ({White should try} 23. c4 $11 Nc7 24. Bc3) 23... Rxh6 $15 24. Rxh6 Nxe5 25. Kc2 Rg8 26. Rh4 b5 27. Re4 {The position is equal.} Nc4 28. Nxe6 Nxd2 (28... Kd6 {looks sharper.} 29. Bg5 Rh8 30. h3 Na3+ 31. Kb2 Nc4+) 29. Kxd2 $11 {[%mdl 4096] Endgame KRN-KRN} Rc8 30. Ng5 b4 31. cxb4 cxb4 32. Re5 Nb6 33. Rb5 Nc4+ 34. Kd3 Nb2+ 35. Kd4 Rc4+ 36. Kd5 Rf4 37. Rb7+ Kc8 38. Rxe7 {aiming for Ne4.} Rxf2 39. g4 Rd2+ 40. Kc6 Rc2+ 41. Kb5 Nd3 {[#] ...Rc5+ is the strong threat.} 42. Ne6 Rxa2 43. Rc7+ Kb8 44. Rd7 Ne5 45. Rd5 b3 {Strongly threatening ...Rc2.} 46. Rd8+ $1 ({Don't blunder} 46. Rxe5 $2 b2 $19) 46... Kb7 47. Nc5+ {[%mdl 64] [#] Double Attack} Kc7 48. Ne6+ Kb7 49. Nc5+ {[%mdl 64] Double Attack} Kc7 50. Ne6+ Kb7 {Accuracy: White = 64%, Black = 65%.} 1/2-1/2

[Event "XXXIX Benasque Open 2019"]
[Site "Benasque"]
[Date "2019.07.13"]
[Round "10.7"]
[White "Narciso Dublan, Marc"]
[Black "Deac, Bogdan-Daniel"]
[Result "1/2-1/2"]
[WhiteElo "2489"]
[BlackElo "2621"]
[Annotator "RC"]
[PlyCount "80"]
[EventDate "2019.07.04"]
[EventType "swiss"]
[EventCountry "ESP"]
[SourceTitle "playchess.com"]
[Source "ChessBase"]
[SourceQuality "1"]
[TimeControl "5400+30"]

1. d4 {[%emt 0:00:00]} Nf6 {[%emt 0:00:00]} 2. Bg5 {[%emt 0:00:00]} d5 {[%emt 0:00:00]} 3. e3 {[%emt 0:00:07]} c5 {[%emt 0:00:00]} 4. Bxf6 {[%emt 0:00:39]} gxf6 {[%emt 0:00:02]} 5. dxc5 {[%emt 0:00:50]} e6 {[%emt 0:00:03]} 6. Nf3 {[%emt 0:00:46]} Bxc5 {[%emt 0:00:03]} 7. Be2 {[%emt 0:00:26]} Qb6 {[%emt 0:12:49]} 8. Qc1 {[%emt 0:03:43]} Nc6 {[%emt 0:04:29]} 9. O-O {[%emt 0:00:36]} Bd7 {[%emt 0:08:50]} 10. a3 {[%emt 0:05:23]} Be7 {[%emt 0:04:36]} 11. b4 {[%emt 0:10:46]} a5 {[%emt 0:02:32]} 12. b5 {[%emt 0:00:48]} Ne5 {[%emt 0:00:04]} 13. Nxe5 {[%emt 0:01:13]} fxe5 {[%emt 0:00:03]} 14. c4 {[%emt 0:12:08]} d4 {[%emt 0:00:12]} 15. exd4 {[%emt 0:00:32]} exd4 {[%emt 0:00:08]} 16. Nd2 {[%emt 0:01:29]} Rc8 {[%emt 0:07:47]} 17. Nf3 {[%emt 0:07:27]} Bf6 {[%emt 0:01:58]} 18. Bd3 {[%emt 0:03:43]} h6 {[%emt 0:01:38]} 19. Re1 {[%emt 0:01:29]} Qd6 {[%emt 0:00:54]} 20. Nd2 {[%emt 0:02:59]} Qf4 {[%emt 0:03:58]} 21. Ne4 {[%emt 0:05:20]} Be5 {[%emt 0:00:04]} 22. Qxf4 {[%emt 0:01:58]} Bxf4 {[%emt 0:00:08]} 23. Nf6+ {[%emt 0:03:36]} Kd8 {[%emt 0:00:01]} 24. Re4 {[%emt 0:00:27]} Bg5 {[%emt 0:00:02]} 25. Nxd7 {[%emt 0:02:01]} Kxd7 {[%emt 0:00:03]} 26. Rxd4+ {[%emt 0:00:37]} Ke7 {[%emt 0:11:00]} 27. Rd1 {[%emt 0:00:53]} Bf6 {[%emt 0:00:02]} 28. Rf4 {[%emt 0:08:44]} Rhd8 {[%emt 0:02:45]} 29. Kf1 {[%emt 0:00:11]} a4 {[%emt 0:01:03]} 30. Bc2 {[%emt 0:02:27]} Rxd1+ {[%emt 0:00:17]} 31. Bxd1 {[%emt 0:00:02]} Bb2 {[%emt 0:00:09]} 32. Bxa4 {[%emt 0:01:31]} Bxa3 {[%emt 0:00:08]} 33. Rh4 {[%emt 0:02:26]} Kf8 {[%emt 0:02:13]} 34. Bd1 {[%emt 0:02:02]} b6 {[%emt 0:03:23]} 35. Bf3 {[%emt 0:01:18]} Be7 {[%emt 0:00:25]} 36. Rd4 {[%emt 0:02:34]} Rd8 {[%emt 0:02:05]} 37. Rxd8+ {[%emt 0:01:03]} Bxd8 {[%emt 0:00:02]} 38. Bh5 {[%emt 0:02:16]} Be7 {[%emt 0:00:06]} 39. f4 {[%emt 0:01:25]} f5 {[%emt 0:00:23]} 40. Ke2 {[%emt 0:00:09]} Kg7 {[%emt 0:00:08]} 1/2-1/2